00389 a2200121 4500001001000000005001700010008004100027245007600068100002800144700002300172773005500195999001700250ART_4829320260410161757.0260409a 10aLas recientes modificaciones en el impuesto sobre los bienes personales1 aRolando, Félix José1 aDreiling, Paola E.0 tDoctrina tributariag- N°467 (feb. 2019)wREV4296 c20211d20211